Statistics for Friends Guest Stars

Click here to take the quiz!

General Stats

  • This quiz has been taken 26 times
  • The average score is 8 of 12

Answer Stats

HintAnswer% Correct
Will Colbert (an old high school friend of Ross, Monica and Rachel)Brad Pitt
92%
Paul Stevens (father to Ross's young girlfriend and Rachel's date)Bruce Willis
88%
The stripper for Phoebe's bachelorette partyDanny DeVito
81%
Susie (Chandler's former classmate)Julia Roberts
81%
Jill Green (Rachel's other sister)Reese Witherspoon
81%
Amy Green (Rachel's sister)Christina Applegate
77%
Rachel's date who screams at anyone who bothers himBen Stiller
73%
Parker (Phoebe's over-complimentary boyfriend for 2 episodes)Alec Baldwin
65%
Melissa Warburton (Rachel's sorority sister who she kissed)Winona Ryder
65%
Leonard Hayes (director for one of Joey's auditions)Jeff Goldblum
54%
Amanda Buffamonteezi (Phoebe and Monica's old roomate)Jennifer Coolidge
38%
Gavin Mitchell (Rachel's boss)Dermot Mulroney
23%

Score Distribution

Percentile by Number Answered

Percent of People with Each Score

Your Score History

You have not taken this quiz